Láskyplný rok 2016 : 365 denních afirmací /

Hlavní autor: Hay, Louise L., 1926-2017
Další autoři: Štrbová, Denisa
Jazyk: Čeština
Vydáno: [Praha] : Synergie Publishing SE, [2015]
Vydání: Vydání první
Témata:
Fyzický popis: přibližně 370 stran ; 14 cm
Knihy
Uloženo v:
LEADER 02171nam a2200589 i 4500
001 nkc20152720182
003 CZ PrNK
005 20150908083748.0
007 ta
008 150716t20152015xr e f 000 1 cze
015 |a cnb002720182 
020 |a 978-80-7370-403-2  |q (kroužková vazba) 
035 |a (OCoLC)920663242 
040 |a BOA001  |b cze  |d ABA001  |e rda 
041 1 |a cze  |h eng 
072 7 |a 159.92  |x Vývojová psychologie. Individuální psychologie  |2 Konspekt  |9 17 
080 |a 159.923.5  |2 MRF 
080 |a 316.472.4  |2 MRF 
080 |a 17.02  |2 MRF 
080 |a 159.947.5  |2 MRF 
080 |a (035)  |2 MRF 
100 1 |a Hay, Louise L.,  |d 1926-2017  |7 mzk2002112565  |4 aut 
240 1 0 |a I can do it 2015 calendar.  |l Česky 
245 1 0 |a Láskyplný rok 2016 :  |b 365 denních afirmací /  |c Louise L. Hay ; z anglického originálu I can do it 2015 calendar přeložila Denisa Štrbová 
250 |a Vydání první 
264 1 |a [Praha] :  |b Synergie Publishing SE,  |c [2015] 
264 4 |c ©2015 
300 |a přibližně 370 stran ;  |c 14 cm 
336 |a text  |b txt  |2 rdacontent 
337 |a bez média  |b n  |2 rdamedia 
338 |a svazek  |b nc  |2 rdacarrier 
500 |a Tištěno napříč 
500 |a Kartonové desky - zadní zdvojená deska slouží po rozložení jako opora pro stolní kalendář 
650 0 7 |a pozitivní myšlení  |7 ph124475  |2 czenas 
650 0 7 |a rozvoj osobnosti  |7 ph194683  |2 czenas 
650 0 7 |a interpersonální vztahy  |7 ph114786  |2 czenas 
650 0 7 |a životní harmonie  |7 ph138147  |2 czenas 
650 0 7 |a afirmace  |7 ph868586  |2 czenas 
650 0 9 |a positive thinking  |2 eczenas 
650 0 9 |a personality development  |2 eczenas 
650 0 9 |a interpersonal relations  |2 eczenas 
650 0 9 |a harmony of life  |2 eczenas 
650 0 9 |a affirmation  |2 eczenas 
653 0 |a denní četba 
655 7 |a příručky  |7 fd133209  |2 czenas 
655 9 |a handbooks and manuals  |2 eczenas 
700 1 |a Štrbová, Denisa  |7 pag2009500106  |4 trl 
910 2 |a BOA001  |b S-1350.478 
990 |a BK 
995 |a 01 
991 |b 201508  |c NOV  |e n 
996 6 |b 2610639291  |c S-1350.478  |l MZK  |r Sklad / do 24 hodin  |n 1  |p p.v.  |w 001515521  |u 000010  |a 1  |e BOA001  |j MZK50  |s P